Very Tough Words #5 - Statistics

General Stats
  • This quiz has been taken 16 times
  • The average score is 11 of 30
Answer Stats
Hint Answer % Correct
Numerousness Multeity
91%
Jail Gaol
82%
Hobby or secondary calling Avocation
64%
Grave robber Ghoul
64%
Nickname Sobriquet
55%
A bassoon is one Aerophone
45%
The removal or censorship of offensive sections of text Bowdlerization
45%
Voicing of intense dislike Execration
45%
Smarmy Oleaginous
45%
Fed up or caught off guard Scundered
45%
Figure of speech where a part of something refers to the whole of something (e.g. I have ears in every part of this country / ears = spies) Synecdoche
45%
Short moment Trice
45%
Cloth to prevent sullying of a chair's fabric by persons sitting Antimacassar
36%
Cool, or great (slang) Fetch
36%
Word or set of words describing a whole, particularly in relation to a part of that whole (e.g. boat > rudder) Holonym
36%
Pertaining to the root Radical
36%
Someone who is famous for a short while Celetoid
27%
Open countryside Champaign
27%
Procrastination Cunctation
27%
Sliding panel acting as a room divider or door Fusuma
27%
Breakfastly Jentacular
27%
Old martial art of the Mediterranean Pankration
27%
Southern US bread Pone
27%
Young dove Squab
27%
Pompous (relating to writing) Turgid
27%
Combined sets Union
27%
Organ Viscus
27%
Radiating from a central point Quaquaversal
18%
Bleed around light source in photography Halation
9%
Considerably bruised Contrite
0%
No matching quizzes found
Score Distribution
Percent of People with Each Score
Percentile by Number Answered
Your Score History
You have not taken this quiz